Prealgebra & introductory algebra / Elayn Martin-Gay. (Record no. 2955)

000 -LEADER
fixed length control field 00655nam a22002177a 4500
003 - CONTROL NUMBER IDENTIFIER
control field OSt
005 - DATE AND TIME OF LATEST TRANSACTION
control field 20220622135320.0
008 - FIXED-LENGTH DATA ELEMENTS--GENERAL INFORMATION
fixed length control field 210727b ||||| |||| 00| 0 eng d
020 ## - INTERNATIONAL STANDARD BOOK NUMBER
International Standard Book Number 0536831653
040 ## - CATALOGING SOURCE
Transcribing agency ALUPE UNIVERSITY
050 ## - LIBRARY OF CONGRESS CALL NUMBER
Classification number QA107
Item number .M37 2004
100 ## - MAIN ENTRY--PERSONAL NAME
Personal name Martin-Gay, K. Elayn
245 ## - TITLE STATEMENT
Title Prealgebra & introductory algebra / Elayn Martin-Gay.
250 ## - EDITION STATEMENT
Edition statement Custom Edition
260 ## - PUBLICATION, DISTRIBUTION, ETC.
Place of publication, distribution, etc. Boston, Mass. ;
Name of publisher, distributor, etc. New Jersey Pearson custom publishing
Date of publication, distribution, etc. c2005
300 ## - PHYSICAL DESCRIPTION
Extent xxiii, 1304pages: with various pagings
Other physical details illustration
500 ## - GENERAL NOTE
General note index & appendix incl,
650 ## - SUBJECT ADDED ENTRY--TOPICAL TERM
Topical term or geographic name entry element Arithmetic | Algebra
700 ## - ADDED ENTRY--PERSONAL NAME
Personal name -
942 ## - ADDED ENTRY ELEMENTS (KOHA)
Source of classification or shelving scheme
Koha item type Book
Suppress in OPAC PW
Holdings
Withdrawn status Lost status Source of classification or shelving scheme Damaged status Not for loan Permanent Location Current Location Shelving location Date acquired Source of acquisition Total Checkouts Full call number Barcode Date last seen Date last checked out Price effective from Koha item type Public note Copy number
          AU LIBRARY AU LIBRARY Open Shelf 27.07.2021 DONATION FROM MOI UNIVERSITY 1 QA107 .P73 2005 28001853 18.11.2021 15.11.2021 27.07.2021 Book PW  
          AU LIBRARY AU LIBRARY Open Shelf 22.06.2022 DONATION FROM MOI UNIVERSITY   QA107 .M37 C2 2004 28001854 22.06.2022   22.06.2022 Book MM 2

Powered by Koha